| 000 | 01548cam a22003735a 4500 | ||
|---|---|---|---|
| 001 | 16315645 | ||
| 005 | 20170321121436.0 | ||
| 008 | 100706s2010 enka frb 001 0 eng d | ||
| 010 | _a 2010285788 | ||
| 015 |
_aGBA972037 _2bnb |
||
| 016 | 7 |
_a015332213 _2Uk |
|
| 020 | _a9781845116699 (hbk.) | ||
| 020 | _a1845116690 (hbk.) | ||
| 035 | _a(OCoLC)ocn427612504 | ||
| 040 |
_aUKM _beng _cUKM _dBWKUK _dYDXCP _dCDX _dNLE _dBWK _dTJC _dGEBAY _dDLC _dEG-ScBUE |
||
| 043 |
_af-ua--- _ae------ |
||
| 082 | 0 | 4 |
_a338.962 _bTAL _222 |
| 100 | 1 |
_aTalani, Leila Simona. _936384 |
|
| 245 | 1 | 0 |
_aFrom Egypt to Europe : _bglobalisation and migration across the Mediterranean / _cLeila Simona Talani. |
| 260 |
_aLondon ; _aNew York : _bTauris Academic Studies / I. B. Tauris, _c2010. |
||
| 300 |
_axiii, 274 p. : _bill. ; _c22 cm. |
||
| 490 | 0 |
_aInternational library of migration studies ; _vv. 5 |
|
| 504 | _aIncludes bibliographical references (p. [255]-269) and index. | ||
| 650 | 7 |
_aGlobalization _xEconomic aspects _zEgypt. _2BUEsh |
|
| 650 | 7 |
_aGlobalization _xEconomic aspects _zEuropean Union countries. _2BUEsh |
|
| 650 | 7 |
_aLabor mobility _zEgypt. _2BUEsh |
|
| 650 | 7 |
_aLabor mobility _zEuropean Union countries. _2BUEsh |
|
| 651 | 7 |
_aEgypt _xEmigration and immigration _xEconomic aspects. _2BUEsh |
|
| 651 | 7 |
_aEuropean Union countries _xEmigration and immigration _xEconomic aspects. _2BUEsh |
|
| 651 | 7 |
_aEgypt _xEconomic conditions. _2BUEsh |
|
| 651 | 7 |
_aEuropean Union countries _xEconomic conditions. _2BUEsh |
|
| 653 |
_bBUSBOL _cMarch2017 |
||
| 942 | _2ddc | ||
| 999 |
_c24505 _d24477 |
||